=LDR 00000nam 2200000 4500 =001 INLIS000000000031256 =005 20140313150126.0 =006 =007 =008 Ind =035 ##$$0010-061300000031256 =041 ##$$a Ind =082 ##$$a 628.14 =090 ##$$a 628.14, Sur s =100 ##$$a Suripin =245 ##$$a Sistem drainase perkotaan yang berkelanjutan, Suripin =260 ##$$a 2004 $b Yogyakarta =300 ##$$a xxi, 384 hlm, 23 cm =650 ##$$a Saluran Air - Perkotaan =850 ##$$a NBPNMAT =990 ##$$a 0001/BPAP-NTB/20142014 =990 ##$$a 0001/BPAP-NTB/20142014 =990 ##$$a 0001/BPAP-NTB/20142015